|
|
|
|
| LEADER |
00000nab a2200000 a 4500 |
| 001 |
vtls000828974 |
| 003 |
SK-MaSNL |
| 005 |
20260304123030.0 |
| 008 |
250429c2002 xo 0 slo |
| 015 |
|
|
|a SNBRB2003/03-09063
|
| 035 |
|
|
|a CLN000180629
|
| 035 |
|
|
|a urn:nbn:sk:snk-abpr7
|
| 035 |
|
|
|a (urnnbn)urn:nbn:sk:snk:ar-a06amo
|
| 035 |
|
|
|a (uuid)312a46dc-7a77-44b5-a39c-1346d4e65e71
|
| 040 |
|
|
|a SNKBUCL
|b slo
|c SNKBUCL
|e AACR2
|
| 041 |
0 |
|
|a slo
|
| 044 |
|
|
|a xo
|c SK
|
| 080 |
|
|
|a 616.133-089.844
|2 1997
|
| 245 |
0 |
0 |
|a Everzná versus klasická karotická endarterektómia
|c T. Molčan ... [et al.]
|
| 246 |
1 |
1 |
|a Eversion versus conventional carotid endarterectomy
|
| 300 |
|
|
|b Tab.
|
| 504 |
|
|
|a Res. angl., slov.
|
| 504 |
|
|
|a Bibliogr. odkazy
|
| 650 |
0 |
7 |
|a endarterektómia
|x klasifikácia
|x metódy
|x využitie
|2 snkbucl
|9 1430970
|
| 650 |
0 |
7 |
|a arteriae carotis, stenóza
|x komplikácie
|x chirurgia
|2 snkbucl
|9 1430971
|
| 650 |
0 |
7 |
|a výkony chirurgické operačné
|x využitie
|2 snkbucl
|9 870098
|
| 650 |
0 |
7 |
|a hodnotenie priebehu a výsledkov zdravotníckej starostlivosti
|x trendy
|2 snkbucl
|9 1430972
|
| 655 |
|
7 |
|a články z novín a časopisov
|2 snkbucl
|9 267496
|
| 700 |
1 |
|
|a Molčan, Tibor
|4 aut
|9 11806
|
| 700 |
1 |
|
|a Garay, R.
|4 aut
|9 851359
|
| 700 |
1 |
|
|a Gajdošová, M.
|4 aut
|9 873109
|
| 700 |
1 |
|
|a Švarc, P.
|4 aut
|9 851360
|
| 700 |
1 |
|
|a Beňo, M.
|4 aut
|9 774825
|
| 700 |
1 |
|
|a Takács, R.
|4 aut
|9 851362
|
| 773 |
0 |
|
|t Slovenský chirurg
|g Roč. 6, č. 4 (2002), s. 26-29
|x 1335-2954
|
| 850 |
|
|
|a Slovenská národná knižnica
|
| 852 |
|
|
|a Slovenská národná knižnica
|
| 954 |
|
|
|a odborná, vedecká literatúra pôvodná (slovenská)
|2 lita
|
| 958 |
|
|
|a article27
|
| 958 |
|
|
|a MI
|
| 958 |
|
|
|a NB
|
| 958 |
|
|
|a OND
|
| 958 |
|
|
|a EUIPO
|
| 999 |
|
|
|c 2889039
|d 2890969
|